Institutional sanction for girls' sport programs : effects on female high school students /

Bibliographic Details
Main Author: Duquin, Mary Elizabeth
Format: Thesis Book
Language:English
Published: Stanford, Calif. : Duquin, 1974.
Subjects:

MARC

Tag First Indicator Second Indicator Subfields
LEADER 00000cam a2200000 i 4500
001 in00000042777
005 20151007064844.0
008 761015r19761974oru bb 00010 eng d
035 |a (OCoLC)02505579 
035 |9 AAE0766AM 
040 |a Univ. of Oregon  |c XBM  |d TXA  |d UtOrBLW 
049 |a TXAI 
099 |a fiche  |a C  |a 1462 
100 1 |a Duquin, Mary Elizabeth. 
245 1 0 |a Institutional sanction for girls' sport programs :  |b effects on female high school students /  |c by Mary Elizabeth Duquin. 
264 1 |a Stanford, Calif. :  |b Duquin,  |c 1974. 
300 |a vii, 78 leaves 
336 |a text  |b txt  |2 rdacontent 
337 |a microform  |b h  |2 rdamedia 
338 |a microfiche  |b he  |2 rdacarrier 
500 |a Microfiche (negative) of typescript. Eugene : Microform Publications, College of Health, Physical Education and Recreation, University of Oregon, 1976. -- 1 sheet ; 10.5 x 14.8 cm. 
502 |c Stanford University. 
504 |a Bibliography: leaves 74-78. 
500 |a Microform. 
650 0 |a Sports for women. 
650 0 |a School sports. 
999 |a MARS 
999 f f |s 4283b135-ebdc-38ef-b737-96c7b939e729  |i 403e1299-b9bb-3730-9f4f-937d77501b8a  |t 0 
952 f f |p normal  |a Texas A&M University  |b College Station  |c Sterling C. Evans Library  |d Evans: Microforms (3rd floor)  |t 0  |e fiche C 1462  |h Other scheme  |i microform -- microfiche  |m A14820671195 
998 f f |a fiche C 1462  |t 0  |l Evans: Microforms (3rd floor)